000 00547nam a22001935i 4500
001 54335
003 ES-MaACL
005 20251011063107.0
007 t|
008 960718s1898 it ||||1| ita d
040 _aCAM
_bspa
_cCAM
100 1 _aFogazzaro, Antonio,
_d1842-1911
_951409
245 1 0 _aPoesie scelte /
_cAntonio Fogazzaro.
250 _a2ยช ed.
260 _aMilano :
_bCasa editrice Galli,
_c1898 (
_fTipografia degli Esercenti)
300 _a220 p. ;
_c17 cm.
852 _aES-MaACL
_jF-9127
999 _c54335
_d54335